000 00281nam a22001337a 4500
008 170921b xxu||||| |||| 00| 0 eng d
020 _a9780898181739
041 _aeng
080 _a7
100 _a7
101 _a45
245 _aWE THE PEOPLE
_cCRAVEN, TH.A
942 _2udc
_cBK
999 _c28641
_d28641